00720nam a2200229Ia 4500008004000000020001800040041000800058082001800066100002000084245005200104260003300156300001300189650001300202650001700215650001000232650001300242650001100255690002000266906001100286999001900297952017400316210210b2013 xxu||||| |||| 00| 0 eng d a9789382420026 aeng a362.8292 AGRD aAGRAWAL (Meenu) aDomestic violence in India: behind closed doors aNew DelhibKunal Booksc2013 axvii,242 aviolence aIndia:behind adoors aDomestic aclosed aSocial Problems a073436 c123274d123274 001040708Social WorkaALbALcSocial Workd2021-02-17eAlka Prakashan Kanpur-208007g795.00l1o362.8292 AGRDp073436r2025-09-10 12:14:22s2025-08-11w2021-02-17yBK